[Event "Titled Tue 10th Jun Early"]
[Site "chess.com INT"]
[Date "2025.06.10"]
[Round "5"]
[White "Gulkov, Igor A."]
[Black "Mishra, Manoj"]
[Result "1-0"]
[WhiteTitle "IM"]
[BlackTitle "CM"]
[WhiteElo "2358"]
[BlackElo "1941"]
[WhiteFideId "4120973"]
[BlackFideId "5006007"]
[EventDate "2025.06.10"]

1. Nf3 Nf6 2. c4 g6 3. Nc3 Bg7 4. e4 d6 5. d4 O-O 6. Be2 e5 7. Be3 exd4 8. Nxd4
Re8 9. f3 c6 10. Qd2 d5 11. exd5 cxd5 12. O-O Nc6 13. Rfd1 Ne5 14. cxd5 Nxd5 15.
Nxd5 Qxd5 16. Nb5 Qxd2 17. Bxd2 Rd8 18. Nc7 Rb8 19. Be3 Rxd1+ 20. Rxd1 Bf5 21.
Bxa7 Rc8 22. Nd5 Rc2 23. Ne7+ Kf8 24. Nxf5 gxf5 25. Bb5 Rxb2 26. Bc5+ Kg8 27.
Rd8+ Bf8 28. Bxf8 Rb1+ 29. Kf2 f6 30. Bd6+ Kf7 31. Bxe5 fxe5 32. Bc4+ Ke7 33.
Rd2 1-0

[Event "Titled Tue 10th Jun Early"]
[Site "chess.com INT"]
[Date "2025.06.10"]
[Round "5"]
[White "Dyulgerov, Volen"]
[Black "Teh, Wee Zhun"]
[Result "1-0"]
[WhiteTitle "CM"]
[BlackTitle "CM"]
[WhiteElo "2200"]
[BlackElo "2010"]
[WhiteFideId "2918978"]
[BlackFideId "5707277"]
[EventDate "2025.06.10"]

1. e4 d5 2. Nc3 dxe4 3. Nxe4 Nf6 4. Ng5 Bg4 5. N1f3 Nc6 6. h3 Bf5 7. Bb5 h6 8.
Nxf7 Kxf7 9. Ne5+ Nxe5 10. d4 Nc6 11. c3 Qd5 12. Qe2 e6 13. O-O Qe4 14. Qd1 Bd6
15. Bc4 Rhe8 16. Re1 Qh4 17. Qf3 Be4 18. Qe3 Bd5 19. Bf1 e5 20. g3 Qe4 21. Qxe4
Bxe4 22. Be3 exd4 23. cxd4 Bd5 24. Rac1 a6 25. a3 Re7 26. b4 Rae8 27. Bd3 Bxg3
28. Rc5 Bd6 29. Rxd5 Nxd5 30. Bc4 Kf6 31. Bxd5 Bf4 32. Rf1 Bxe3 33. fxe3+ Kg5
34. e4 Nxd4 35. Kh2 Ne2 36. Rf5+ Kg6 37. Rf2 Nd4 38. e5 c6 39. Be4+ Kh5 40. Rd2
Rd8 41. Bg2 Kg5 42. h4+ Kg6 43. Rf2 Kh7 44. Be4+ Kh8 45. e6 Nxe6 46. Bb1 1-0

[Event "Titled Tue 10th Jun Early"]
[Site "chess.com INT"]
[Date "2025.06.10"]
[Round "5"]
[White "Skiadopoulos, Nikolaos"]
[Black "Sjoberg, Isak"]
[Result "0-1"]
[WhiteTitle "CM"]
[BlackTitle "FM"]
[WhiteElo "1882"]
[BlackElo "2314"]
[WhiteFideId "4200772"]
[BlackFideId "1521640"]
[EventDate "2025.06.10"]

1. e4 c5 2. Nf3 d6 3. Bc4 Nf6 4. O-O Nc6 5. Re1 e6 6. c3 a6 7. a4 Be7 8. d4 O-O
9. h3 Qc7 10. Bf1 cxd4 11. cxd4 e5 12. d5 Nb4 13. Nc3 Bd7 14. Be3 b5 15. axb5
axb5 16. Rc1 Qb7 17. Qb3 Na6 18. Bxb5 Rfb8 19. Na4 Qxb5 20. Qxb5 Rxb5 21. Nb6
Rb8 22. Nxd7 Nxd7 23. Ra1 Ndc5 24. Bc1 h6 25. Nd2 Nb4 26. Ra7 R5b7 27. Rxb7 Rxb7
28. Nc4 Nbd3 29. Rd1 Nxc1 30. Rxc1 Nd3 31. Rc2 g6 32. f3 Nb4 33. Rc3 Kg7 34. Rb3
Rb8 35. Na5 Bd8 36. Nc6 Nxc6 0-1

[Event "Titled Tue 10th Jun Early"]
[Site "chess.com INT"]
[Date "2025.06.10"]
[Round "5"]
[White "Sarana, Alexey"]
[Black "Materia, Marco"]
[Result "0-1"]
[WhiteTitle "GM"]
[BlackTitle "IM"]
[WhiteElo "2686"]
[BlackElo "2489"]
[WhiteFideId "24133795"]
[BlackFideId "45150451"]
[EventDate "2025.06.10"]

1. e4 c6 2. d4 d5 3. e5 Bf5 4. Nf3 e6 5. c3 Nd7 6. Bd3 Bxd3 7. Qxd3 Ne7 8. O-O
c5 9. dxc5 Nxc5 10. Qe2 Nc6 11. Rd1 Be7 12. c4 d4 13. Be3 d3 14. Qe1 O-O 15. Nc3
Rc8 16. Bxc5 Bxc5 17. Ne4 Bb4 18. Qe3 Qc7 19. Qg5 Be7 20. Qg3 Rfd8 21. Rac1 Nb4
22. a3 Nc2 23. c5 Bxc5 24. Nf6+ Kh8 25. Nh5 Bf8 26. Ng5 h6 27. Ne4 Nd4 28. Qxd3
Qxc1 29. h4 Ne2+ 0-1

[Event "Titled Tue 10th Jun Early"]
[Site "chess.com INT"]
[Date "2025.06.10"]
[Round "5"]
[White "Tiitta, Sauli"]
[Black "Gutman, Gennadi"]
[Result "1-0"]
[BlackTitle "GM"]
[WhiteElo "2157"]
[BlackElo "2445"]
[WhiteFideId "502251"]
[BlackFideId "14102277"]
[EventDate "2025.06.10"]

1. g4 e5 2. d4 exd4 3. Nf3 c5 4. e3 dxe3 5. Nc3 exf2+ 6. Kxf2 Be7 7. Bc4 Nc6 8.
Re1 Nf6 9. g5 Ng4+ 10. Kg3 O-O 11. Nd5 d6 12. Bf4 Nge5 13. Bxe5 dxe5 14. Qd3
Bxg5 15. Rg1 e4 16. Qxe4 Re8 17. Qd3 Nd4 18. Nxd4 cxd4 19. Qxd4 Qd7 20. Kg2 Qh3+
21. Kh1 Qf3+ 22. Rg2 Bh3 23. Rg1 Bxg2+ 24. Rxg2 1-0

[Event "Titled Tue 10th Jun Early"]
[Site "chess.com INT"]
[Date "2025.06.10"]
[Round "5"]
[White "Buchenau, Frank"]
[Black "Kucza, Karol"]
[Result "1-0"]
[WhiteTitle "FM"]
[BlackTitle "FM"]
[WhiteElo "2205"]
[BlackElo "2316"]
[WhiteFideId "4604350"]
[BlackFideId "1159755"]
[EventDate "2025.06.10"]

1. e4 c6 2. Nf3 d5 3. d3 dxe4 4. dxe4 Qxd1+ 5. Kxd1 Bg4 6. Be2 g6 7. Ne5 Be6 8.
Nd3 Nf6 9. f3 Bg7 10. Be3 O-O 11. Nd2 Rd8 12. a4 Nfd7 13. Nf4 Nf8 14. Nxe6 Nxe6
15. c3 Nd7 16. Kc2 a6 17. a5 h5 18. Rhd1 Kh7 19. f4 Bh6 20. Rf1 Nf6 21. Rae1 Ng4
22. Bxg4 hxg4 23. h3 gxh3 24. g3 f5 25. exf5 gxf5 26. Bb6 Rd6 27. Nc4 Ng7 28.
Nxd6 exd6 29. Re7 Kg6 30. Rh1 Rf8 31. Rxh3 Rf7 32. Rxf7 Kxf7 33. Rxh6 1-0

[Event "Titled Tue 10th Jun Early"]
[Site "chess.com INT"]
[Date "2025.06.10"]
[Round "5"]
[White "Nikookar, Mahdi"]
[Black "Lopez Abreu, Michel Samuel"]
[Result "0-1"]
[WhiteTitle "FM"]
[BlackTitle "FM"]
[WhiteElo "2183"]
[BlackElo "2038"]
[WhiteFideId "22552987"]
[BlackFideId "3927903"]
[EventDate "2025.06.10"]

1. e4 e6 2. d3 d5 3. Nd2 dxe4 4. Nxe4 Nd7 5. Nf3 Ngf6 6. Nxf6+ Nxf6 7. g3 b6 8.
Bg2 Bb7 9. O-O Be7 10. a4 a5 11. Ne5 Bxg2 12. Kxg2 Qd5+ 13. Qf3 Qxf3+ 14. Kxf3
Bd6 15. Nc4 Nd7 16. Nxd6+ cxd6 17. d4 d5 18. Ke2 Rc8 19. Kd3 Kd8 20. h4 Kc7 21.
h5 g6 22. Rh1 Nf6 23. Bf4+ Kd7 24. Be5 Ng4 25. Bxh8 Nxf2+ 26. Ke3 Nxh1 27. Be5
f6 28. hxg6 fxe5 29. Rxh1 exd4+ 30. Kxd4 hxg6 31. Ke5 Rxc2 32. Rh7+ Kc6 33. Rg7
Re2+ 34. Kd4 Re4+ 35. Kd3 Rg4 36. Rg8 Rxg3+ 37. Kd4 Rg4+ 38. Ke5 Re4+ 0-1

[Event "Titled Tue 10th Jun Early"]
[Site "chess.com INT"]
[Date "2025.06.10"]
[Round "5"]
[White "Dambaev, Dashi"]
[Black "Asish Panda"]
[Result "0-1"]
[WhiteTitle "CM"]
[WhiteElo "2211"]
[BlackElo "1911"]
[WhiteFideId "55628494"]
[BlackFideId "45012458"]
[EventDate "2025.06.10"]

1. d4 d5 2. c4 e6 3. Nf3 Nf6 4. Nc3 Be7 5. Bf4 O-O 6. e3 Ne4 7. Qc2 f5 8. cxd5
Nxc3 9. Qxc3 exd5 10. Bxc7 Qd7 11. Bg3 Nc6 12. a3 Qe6 13. Bb5 f4 14. Bh4 Bxh4
15. Nxh4 fxe3 16. fxe3 Qg4 17. g3 Bd7 18. Be2 Qe4 19. Kd2 g5 20. Bd3 Qe7 21.
Rhf1 gxh4 22. gxh4 Qxh4 23. Qb3 Ne7 24. Qxb7 Bc6 25. Qc7 Rac8 26. Rg1+ Kh8 27.
Qe5+ Qf6 28. Qh5 Qf2+ 29. Be2 Bb5 30. Rae1 Bxe2 0-1

[Event "Titled Tue 10th Jun Early"]
[Site "chess.com INT"]
[Date "2025.06.10"]
[Round "5"]
[White "Omariev, Maksim"]
[Black "Rubes, Jan"]
[Result "1-0"]
[WhiteTitle "FM"]
[BlackTitle "IM"]
[WhiteElo "2304"]
[BlackElo "2426"]
[WhiteFideId "4193423"]
[BlackFideId "338176"]
[EventDate "2025.06.10"]

1. b3 e5 2. Bb2 Nc6 3. c4 g6 4. g3 Bg7 5. Bg2 f5 6. e3 Nf6 7. Ne2 d6 8. Nbc3 O-O
9. O-O e4 10. d3 exd3 11. Nf4 Ne5 12. Nxd3 c6 13. Re1 Qc7 14. Nf4 Bd7 15. Qd2
Rad8 16. Rad1 Bc8 17. h4 Rfe8 18. Qc2 a5 19. Rd2 Re7 20. Red1 Red7 21. Ba3 Ne8
22. Ne6 Qb6 23. Nxd8 Rxd8 24. c5 Qa6 25. cxd6 Be6 26. Na4 Bd5 27. Nc5 Bxg2 28.
Nxa6 Be4 29. Qc5 Nf3+ 30. Kf1 bxa6 31. d7 Nf6 32. Qe7 Nh2+ 33. Ke2 Rxd7 34. Rxd7
Nxd7 35. Rxd7 Bf3+ 36. Kd2 1-0

[Event "Titled Tue 10th Jun Early"]
[Site "chess.com INT"]
[Date "2025.06.10"]
[Round "5"]
[White "Lau, Lut Yin Luke"]
[Black "Ambartsumian, Tyhran"]
[Result "1-0"]
[WhiteTitle "CM"]
[BlackTitle "CM"]
[WhiteElo "2243"]
[BlackElo "2244"]
[WhiteFideId "6002226"]
[BlackFideId "34161112"]
[EventDate "2025.06.10"]

1. e4 e5 2. d4 exd4 3. c3 d3 4. Bxd3 Nc6 5. Nf3 Bc5 6. O-O Nge7 7. c4 O-O 8. Nc3
d6 9. a3 a5 10. h3 Ng6 11. Re1 Nce5 12. Bf1 Be6 13. Nxe5 dxe5 14. Qf3 Bd4 15.
Be3 Bxc3 16. bxc3 Qe7 17. Reb1 c6 18. Rb6 Rfd8 19. Rab1 Rd7 20. Qe2 Qxa3 21.
Rxb7 Rxb7 22. Rxb7 Qxc3 23. Qd1 h6 24. Rb3 Qxc4 25. Bxc4 Bxc4 26. Rc3 Bb5 27.
Bc5 a4 28. Ba3 Kh7 29. Qd7 f6 30. Rg3 Bc4 31. h4 Rg8 32. Qf5 Bf7 33. h5 1-0

[Event "Titled Tue 10th Jun Early"]
[Site "chess.com INT"]
[Date "2025.06.10"]
[Round "5"]
[White "Le, Tuan Minh"]
[Black "Tabatabaei, M. Amin"]
[Result "1-0"]
[WhiteTitle "GM"]
[BlackTitle "GM"]
[WhiteElo "2598"]
[BlackElo "2655"]
[WhiteFideId "12401153"]
[BlackFideId "12521213"]
[EventDate "2025.06.10"]

1. d4 d5 2. Nf3 Nf6 3. Bg5 e6 4. Nbd2 Be7 5. e3 h6 6. Bh4 Nbd7 7. Bd3 b6 8. O-O
Bb7 9. c4 O-O 10. Rc1 c5 11. Qe2 cxd4 12. Nxd4 Ne5 13. Rfd1 Nxd3 14. Qxd3 dxc4
15. Nxc4 Qd5 16. Qf1 Rfd8 17. h3 Rac8 18. b3 g5 19. Bg3 Ne4 20. Bh2 Bf6 21. f3
Nc5 22. Nb5 Nd3 23. Nbd6 Rxd6 24. Bxd6 Nxc1 25. Rxd5 exd5 26. Ne5 Nxa2 27. Qb5
Rd8 28. Bc7 Rf8 29. Nd7 Bg7 30. Nxf8 Bxf8 31. Qe8 Kg7 32. Be5+ 1-0

[Event "Titled Tue 10th Jun Early"]
[Site "chess.com INT"]
[Date "2025.06.10"]
[Round "5"]
[White "Safin Safarullakhan"]
[Black "Gutierrez Olivares, Daniel"]
[Result "0-1"]
[WhiteTitle "CM"]
[BlackTitle "FM"]
[WhiteElo "2028"]
[BlackElo "2354"]
[WhiteFideId "33379475"]
[BlackFideId "2264005"]
[EventDate "2025.06.10"]

1. e4 e6 2. d4 d5 3. e5 c5 4. c3 Nc6 5. Nf3 Bd7 6. Be2 Nge7 7. Na3 cxd4 8. cxd4
Nf5 9. Nc2 Be7 10. O-O O-O 11. Bf4 f6 12. a3 g5 13. exf6 Bxf6 14. Bg3 Nxg3 15.
hxg3 Qb6 16. b4 Rac8 17. Rc1 g4 18. Nh2 h5 19. Qd3 Kg7 20. Rcd1 Be8 21. Qe3 Bg6
22. Bd3 Nxd4 23. Bxg6 Nxc2 24. Qd3 Rc3 25. Qe2 Kxg6 26. Rc1 Nd4 27. Qd2 Rfc8 28.
Rxc3 Rxc3 29. Re1 Rc2 30. Qd3+ Kg7 31. Nf1 Nf3+ 32. Kh1 Qxf2 0-1

[Event "Titled Tue 10th Jun Early"]
[Site "chess.com INT"]
[Date "2025.06.10"]
[Round "5"]
[White "Navoyan, Gagik"]
[Black "Ilamparthi, A R"]
[Result "0-1"]
[WhiteTitle "CM"]
[BlackTitle "IM"]
[WhiteElo "2186"]
[BlackElo "2490"]
[WhiteFideId "13314866"]
[BlackFideId "45015775"]
[EventDate "2025.06.10"]

1. e4 c5 2. Nf3 e6 3. b3 b6 4. Bb2 Bb7 5. Nc3 Nc6 6. d4 cxd4 7. Nxd4 Nf6 8. Nxc6
Bxc6 9. e5 Nd5 10. Nxd5 Bxd5 11. c4 Bb4+ 12. Ke2 Bc6 13. a3 Be7 14. Qd4 O-O 15.
Ke1 f6 16. Qd2 fxe5 17. Bxe5 Bc5 18. f3 Qh4+ 19. Kd1 d6 20. Bc3 d5 21. Kc2 Rad8
22. b4 Ba4+ 23. Kb1 dxc4 24. Qe2 Bd4 25. Qxc4 Bxc3 26. Qxc3 Rd1+ 27. Ka2 Qf2+
28. Qb2 Rd2 29. Rb1 Rc8 30. Bd3 Rxb2+ 31. Rxb2 Qd4 32. Be4 Rc3 33. Re1 Qc4+ 34.
Kb1 Rxa3 35. Rc1 Ra1+ 0-1

[Event "Titled Tue 10th Jun Early"]
[Site "chess.com INT"]
[Date "2025.06.10"]
[Round "5"]
[White "Nikulina, Alena"]
[Black "Nitish, Belurkar"]
[Result "0-1"]
[WhiteTitle "WFM"]
[BlackTitle "IM"]
[WhiteElo "1875"]
[BlackElo "2454"]
[WhiteFideId "4172051"]
[BlackFideId "5084768"]
[EventDate "2025.06.10"]

1. e4 d5 2. exd5 Nf6 3. Nf3 Nxd5 4. d4 Bf5 5. c4 Nb4 6. Na3 e6 7. Be2 Be7 8. O-O
O-O 9. Bf4 N8c6 10. Nb5 Rc8 11. a3 Nc2 12. Rc1 a6 13. d5 axb5 14. dxc6 bxc6 15.
Rxc2 Qxd1 16. Bxd1 Bxc2 17. Bxc2 bxc4 18. Ne5 Bd6 19. Bg3 c3 20. bxc3 Ra8 21. a4
Rfb8 22. Nxc6 Rb2 23. Nd4 Bxg3 24. hxg3 c5 25. Nb3 Rxc2 26. Nxc5 Rxc3 27. Ne4
Rc4 28. Ng5 h6 29. Nf3 Rcxa4 30. Kh2 Ra1 31. Rxa1 Rxa1 32. Nd4 Ra2 33. Kg1 g5
34. Nf3 Kg7 35. Ne5 f6 36. Nc4 e5 37. Ne3 Kg6 38. g4 h5 39. f3 hxg4 40. Nxg4 Kf5
41. Ne3+ Kf4 0-1

[Event "Titled Tue 10th Jun Early"]
[Site "chess.com INT"]
[Date "2025.06.10"]
[Round "5"]
[White "Rasch, Holger"]
[Black "Logozar, Elijah"]
[Result "1-0"]
[WhiteTitle "FM"]
[WhiteElo "2246"]
[BlackElo "1928"]
[WhiteFideId "4615670"]
[BlackFideId "30963788"]
[EventDate "2025.06.10"]

1. e4 c5 2. c3 Nf6 3. e5 Nd5 4. d4 cxd4 5. Nf3 Nc6 6. cxd4 d6 7. Bc4 dxe5 8.
dxe5 Ndb4 9. Qxd8+ Nxd8 10. Na3 a6 11. Be3 b5 12. Bb3 Bb7 13. Ke2 e6 14. Rac1
Ndc6 15. Nb1 Na5 16. Rc7 Be4 17. Ng5 Bd3+ 18. Kf3 Be7 19. Rxe7+ Kxe7 20. Bc5+
Ke8 21. Bxb4 Nc6 22. Bd6 h6 23. Ne4 Nd4+ 24. Ke3 Bxe4 25. Kxd4 Bf5 26. Rc1 Rd8
27. a4 f6 28. f4 Kf7 29. axb5 axb5 30. Nc3 fxe5+ 31. fxe5 b4 32. Ne4 Kg6 33. g4
Bxg4 34. Rg1 Kh5 35. Ke3 Rhg8 36. Bc2 Rc8 37. Ng3+ Kh4 38. Be7+ g5 39. Bd3 Rge8
40. Bf6 Rc5 41. Ne4 Rd5 42. Nf2 Bf5 43. Be2 h5 44. Bxg5# 1-0

[Event "Titled Tue 10th Jun Early"]
[Site "chess.com INT"]
[Date "2025.06.10"]
[Round "5"]
[White "Brancaleoni, Maurizio"]
[Black "Ersoz, Teoman Guney"]
[Result "1-0"]
[WhiteTitle "FM"]
[BlackTitle "CM"]
[WhiteElo "2185"]
[BlackElo "2052"]
[WhiteFideId "803022"]
[BlackFideId "44537050"]
[EventDate "2025.06.10"]

1. Nf3 Nf6 2. c4 c5 3. Nc3 d5 4. cxd5 Nxd5 5. e4 Nb6 6. d4 cxd4 7. Nxd4 g6 8.
Ndb5 Qxd1+ 9. Nxd1 Na6 10. Bd2 Bg7 11. Bc3 O-O 12. Be2 Nc5 13. Bxg7 Kxg7 14.
Ndc3 Bd7 15. f3 a6 16. Nc7 Rac8 17. N7d5 Nxd5 18. Nxd5 Be6 19. Nc3 Rfd8 20. Rd1
b5 21. a3 Bb3 22. Rd2 Kf6 23. Rf1 Rxd2 24. Kxd2 Ke5 25. Ke3 Rd8 26. f4+ Ke6 27.
Bg4+ f5 28. exf5+ gxf5 29. Be2 Bc4 30. Rd1 Rxd1 31. Bxd1 Kd6 32. Bc2 e6 33. h3
h5 34. h4 Bf1 35. g3 Bh3 36. Bd1 Bg4 37. Bxg4 fxg4 38. Ne4+ Kd5 39. Nxc5 Kxc5
40. Ke4 Kd6 41. Kd4 Kd7 42. Ke5 Ke7 43. f5 exf5 44. Kxf5 Kd6 45. Kg5 Kd5 46.
Kxh5 Kc4 47. Kxg4 Kb3 48. h5 Kxb2 49. h6 Kxa3 50. h7 b4 51. h8=Q b3 52. Qa1+ Kb4
53. Qxa6 b2 54. Qb6+ Kc3 55. Kf4 Kc2 56. g4 b1=Q 57. Qxb1+ Kxb1 58. g5 1-0

[Event "Titled Tue 10th Jun Early"]
[Site "chess.com INT"]
[Date "2025.06.10"]
[Round "5"]
[White "Parfenov, Viktor N."]
[Black "Bezerra, Flavio Rodrigo Costa"]
[Result "1-0"]
[WhiteTitle "CM"]
[WhiteElo "2193"]
[BlackElo "2096"]
[WhiteFideId "4165969"]
[BlackFideId "2114704"]
[EventDate "2025.06.10"]

1. d4 d5 2. c4 c6 3. Nf3 Nf6 4. Qc2 dxc4 5. Qxc4 Bf5 6. g3 e6 7. Bg2 h6 8. O-O
Be7 9. e3 O-O 10. Qe2 Nbd7 11. Nc3 Ne4 12. Nd2 Nxd2 13. Bxd2 e5 14. e4 exd4 15.
exf5 dxc3 16. Bxc3 Bf6 17. Rad1 Bxc3 18. bxc3 Qc7 19. g4 Rfe8 20. Qf3 Nf6 21. h4
Rad8 22. g5 hxg5 23. hxg5 Nd5 24. c4 Nf4 25. Rxd8 Rxd8 26. Re1 Nxg2 27. Kxg2 Qd7
28. f6 g6 29. Re7 Qd2 30. Qe3 Qxe3 31. fxe3 Rb8 32. Rc7 Kf8 33. Kf3 Ke8 34. c5
a5 35. Ke4 b5 36. cxb6 Rxb6 37. Ke5 c5 38. Re7+ Kf8 39. Rc7 Ke8 40. Rxc5 Re6+
41. Kf4 a4 42. Rc8+ Kd7 43. Rf8 Rb6 44. Rxf7+ Ke6 45. Re7+ Kd6 46. Ra7 Rb4+ 47.
e4 Rb2 48. e5+ Kd5 49. Ra5+ Kd4 50. e6 Rxa2 51. e7 1-0

[Event "Titled Tue 10th Jun Early"]
[Site "chess.com INT"]
[Date "2025.06.10"]
[Round "5"]
[White "Aravindh, Chithambaram VR."]
[Black "Antoniou, Rafail"]
[Result "1-0"]
[WhiteTitle "GM"]
[BlackTitle "CM"]
[WhiteElo "2749"]
[BlackElo "2134"]
[WhiteFideId "5072786"]
[BlackFideId "5904390"]
[EventDate "2025.06.10"]

1. Nf3 d5 2. Nc3 e6 3. e4 d4 4. Ne2 c5 5. Ng3 a6 6. c3 Nc6 7. cxd4 cxd4 8. Bc4
Bc5 9. d3 Nge7 10. O-O O-O 11. a3 Ng6 12. Bg5 Be7 13. Bxe7 Qxe7 14. Rc1 Rd8 15.
Ba2 Bd7 16. Qd2 Be8 17. Rfe1 Rac8 18. e5 Nh4 19. Ng5 Ng6 20. f4 b5 21. N3e4 h6
22. Nf3 Rc7 23. f5 exf5 24. Nf6+ gxf6 25. Qxh6 Ncxe5 26. Nxe5 Nxe5 27. Rxc7 Qxc7
28. Qxf6 Ng4 29. Qg5+ Kf8 30. Qh4 Ne3 31. Qh6+ Ke7 32. Qg5+ Kf8 33. Qh6+ Ke7 34.
Qh4+ Kf8 35. Bb3 Rd6 36. Qh8+ Ke7 37. Qe5+ Kf8 38. Bd5 Bc6 39. Qh8+ Ke7 40. Bxf7
Rf6 41. Bh5 Qe5 42. Rc1 f4 43. Rxc6 Ng4 44. Qe8# 1-0

[Event "Titled Tue 10th Jun Early"]
[Site "chess.com INT"]
[Date "2025.06.10"]
[Round "5"]
[White "Loskutova, Viktoriya"]
[Black "Ilinca, Felix-Antonio"]
[Result "0-1"]
[WhiteTitle "WFM"]
[BlackTitle "IM"]
[WhiteElo "2092"]
[BlackElo "2431"]
[WhiteFideId "34166278"]
[BlackFideId "54764998"]
[EventDate "2025.06.10"]

1. e4 c5 2. Nf3 d6 3. d4 cxd4 4. Nxd4 Nf6 5. Nc3 Nc6 6. Bg5 e6 7. Qd3 Bd7 8.
O-O-O a6 9. f4 Be7 10. Nf3 Rc8 11. Kb1 Qa5 12. Bxf6 Bxf6 13. Qxd6 Rd8 14. Qd2
O-O 15. e5 Be7 16. Bd3 Nb4 17. Be4 f5 18. exf6 Bxf6 19. a3 Nc6 20. g3 Qb6 21.
Qd3 Na5 22. Ka1 Bc6 23. Bxh7+ Kh8 24. Qe2 Bxf3 25. Qxf3 Kxh7 26. g4 Kg8 27. g5
Bxg5 28. Qg4 Bf6 29. Rd3 Nc4 0-1

[Event "Titled Tue 10th Jun Early"]
[Site "chess.com INT"]
[Date "2025.06.10"]
[Round "5"]
[White "Salinas Herrera, Pablo"]
[Black "Nakonechnyi, Oleksii"]
[Result "1-0"]
[WhiteTitle "GM"]
[BlackTitle "CM"]
[WhiteElo "2447"]
[BlackElo "2222"]
[WhiteFideId "3407128"]
[BlackFideId "34173714"]
[EventDate "2025.06.10"]

1. e4 c5 2. Nf3 d6 3. Bb5+ Bd7 4. Bxd7+ Qxd7 5. O-O e5 6. c3 Nf6 7. Qe2 Nc6 8.
Rd1 Be7 9. Na3 O-O 10. Nc2 a6 11. d4 Qg4 12. Re1 cxd4 13. cxd4 Qg6 14. Nh4 Qh5
15. Qxh5 Nxh5 16. Nf5 Rfe8 17. Be3 g6 18. Nxe7+ Rxe7 19. f3 Ng7 20. Red1 f5 21.
dxe5 dxe5 22. Bc5 Rf7 23. Ne3 Ne6 24. Bb6 Ned4 25. exf5 gxf5 26. Nc4 Re7 27. Kf2
Re6 28. Nxe5 Nc2 29. Nxc6 Nxa1 30. Bd4 Nc2 31. Bc3 Rxc6 32. Rd7 b5 33. Rg7+ Kf8
34. Rxh7 Rac8 35. h4 b4 36. Be5 Re6 37. Rh8+ Ke7 38. Rxc8 Na1 39. Bf4 b3 40.
axb3 Nxb3 41. h5 Nd4 42. Be3 Nc6 43. h6 Kd7 44. h7 f4 45. Bxf4 Nd4 46. h8=Q Re2+
47. Kf1 Nf5 48. Qd8+ Ke6 49. Qe8+ Kd5 50. Qc6+ Kd4 51. Qc4# 1-0

[Event "Titled Tue 10th Jun Early"]
[Site "chess.com INT"]
[Date "2025.06.10"]
[Round "5"]
[White "Klymchuk, Andriy"]
[Black "Bournel, Antoine"]
[Result "1-0"]
[WhiteTitle "FM"]
[BlackTitle "IM"]
[WhiteElo "2405"]
[BlackElo "2423"]
[WhiteFideId "14140063"]
[BlackFideId "26093553"]
[EventDate "2025.06.10"]

1. e4 c5 2. d4 cxd4 3. Qxd4 a6 4. Nc3 b5 5. Bg5 Bb7 6. a4 h6 7. Bh4 Nc6 8. Qd2
bxa4 9. Nf3 Nf6 10. Rxa4 g5 11. Bg3 Bg7 12. Nd5 O-O 13. Be2 d6 14. O-O Nh5 15.
c3 e6 16. Ne3 Nxg3 17. hxg3 Qc7 18. Rd1 Rfd8 19. Nd4 Nxd4 20. cxd4 Bxe4 21. d5
Qb7 22. Rxe4 exd5 23. Nxd5 Re8 24. Bf3 Qxb2 25. Qd3 Rxe4 26. Qxe4 Rb8 27. Bh5
Kf8 28. Qf5 Qb7 29. Re1 Kg8 30. Re7 Qb1+ 31. Qxb1 Rxb1+ 32. Kh2 Be5 33. f4 gxf4
34. gxf4 Bd4 35. Rxf7 1-0

[Event "Titled Tue 10th Jun Early"]
[Site "chess.com INT"]
[Date "2025.06.10"]
[Round "5"]
[White "Tao, Sihan"]
[Black "Mladenov, Plamen"]
[Result "1-0"]
[WhiteTitle "FM"]
[BlackTitle "IM"]
[WhiteElo "2202"]
[BlackElo "2362"]
[WhiteFideId "30982677"]
[BlackFideId "2906198"]
[EventDate "2025.06.10"]

1. e4 c5 2. Nf3 d6 3. d4 cxd4 4. Nxd4 Nf6 5. Bd3 Nc6 6. Nxc6 bxc6 7. O-O e5 8.
c4 Be7 9. Re1 O-O 10. c5 d5 11. exd5 Qxd5 12. Nc3 Qxc5 13. Bg5 Qd4 14. Qe2 h6
15. Rad1 hxg5 16. Bh7+ Nxh7 17. Rxd4 exd4 18. Qxe7 dxc3 19. bxc3 Be6 20. Qc5
Rfc8 21. a4 g4 22. f3 gxf3 23. gxf3 Nf6 24. Kg2 Nd5 25. Rb1 Nf4+ 26. Kg3 Nh5+
27. Qxh5 Bd5 28. Qe5 Re8 29. Qd4 Re6 30. c4 Rg6+ 31. Kf2 Be6 32. Rb7 Rh6 33. h4
a5 34. Ra7 Rc8 35. Rxa5 Rb8 36. Rg5 Rh7 37. h5 c5 38. Qxc5 Rc8 39. Qd4 Kf8 40.
a5 Bxc4 41. Rc5 Rxc5 42. Qxc5+ 1-0

[Event "Titled Tue 10th Jun Early"]
[Site "chess.com INT"]
[Date "2025.06.10"]
[Round "5"]
[White "Sklokin, Sergey"]
[Black "Carrasco Miranda, Andres"]
[Result "1-0"]
[WhiteTitle "FM"]
[BlackTitle "CM"]
[WhiteElo "2311"]
[BlackElo "2211"]
[WhiteFideId "55730230"]
[BlackFideId "3405990"]
[EventDate "2025.06.10"]

1. d4 Nf6 2. c4 g6 3. Nc3 Bg7 4. e4 d6 5. f3 O-O 6. Be3 Nc6 7. Nge2 a6 8. Qd2
Rb8 9. h4 b5 10. cxb5 axb5 11. g4 b4 12. Nd1 e5 13. d5 Na5 14. b3 Nd7 15. h5 f5
16. hxg6 f4 17. gxh7+ Kh8 18. Bf2 Nc5 19. Nb2 Naxb3 20. axb3 Nxb3 21. Qd1 Nxa1
22. Qxa1 Bd7 23. Nc1 c5 24. Nb3 Ra8 25. Qb1 Ra3 26. Nc4 Ba4 27. Nxa3 bxa3 28.
Nd2 Qa5 29. Bc4 Qc3 30. Ke2 Bf6 31. Rc1 Qb2 32. Qxb2 axb2 33. Rb1 Rb8 34. Kd3
Bd8 35. Ba2 Rb4 36. Nc4 Bb3 37. Bxb3 Rxb3+ 38. Ke2 Rb4 39. Rxb2 Rxc4 40. Rb8
Rc2+ 41. Kf1 Kxh7 42. Rxd8 Rc1+ 43. Kg2 Rd1 44. Rd7+ Kg8 45. Rxd6 c4 46. Rc6 1-0

[Event "Titled Tue 10th Jun Early"]
[Site "chess.com INT"]
[Date "2025.06.10"]
[Round "5"]
[White "Berikkyzy Alanna"]
[Black "Begunov, Konstantin"]
[Result "0-1"]
[WhiteTitle "WFM"]
[BlackTitle "FM"]
[WhiteElo "2080"]
[BlackElo "2325"]
[WhiteFideId "13780719"]
[BlackFideId "4118510"]
[EventDate "2025.06.10"]

1. e4 g6 2. d4 Bg7 3. Nc3 c6 4. Be3 d5 5. e5 h5 6. Bd3 Bg4 7. f3 Bf5 8. Bxf5
gxf5 9. Qd3 e6 10. Nce2 Nd7 11. c3 Ne7 12. Nh3 c5 13. Nf2 a6 14. Bg5 Qb6 15. O-O
Ng6 16. g4 hxg4 17. fxg4 cxd4 18. cxd4 Nh4 19. Bxh4 Rxh4 20. gxf5 O-O-O 21. f6
Bh6 22. b4 Rh8 23. h3 Bf4 24. a4 Bxe5 25. dxe5 Rxh3 26. Qc2+ Kb8 27. Kg2 Rh2+
28. Kf3 Nxe5+ 29. Kg3 Qe3# 0-1